Culture Générale - Clic Quiz - La réponse est en image #7 - Statistiques

Statistiques générales
  • Ce quiz a été pris 645 fois
  • Le résultat moyen est 28 sur 40
Statistiques - réponses
Hint Réponse % Correct
FDJ
95%
Chihuahua
95%
Eric Zemmour (Politique)
95%
La Poste
94%
Jean Lassalle (Politique)
93%
Caniche
91%
Pitbull
90%
Jacquouille La Fripouille
89%
Vietnam
88%
Danone
87%
Rabbi Jacob
87%
Golden Retriever
87%
Doberman
87%
Crédit Mutuel
86%
Jean-Claude Dusse
81%
Nicolas Dupont-Aignan (Politique)
81%
Myspace
80%
Panama
78%
Fabien Roussel (Politique)
76%
Yannick Jadot (Politique)
76%
Zambie
72%
Guatemala
68%
Burundi
66%
Lucas Chevalier (Football)
61%
Estelle Mossely (Boxe)
60%
Ugo Humbert (Tennis)
59%
Juliette Labous (Cyclisme sur route)
57%
Thibault Tricole (Fléchettes)
57%
Hubert Bonisseur de La Bath
56%
Delphine Cascarino (Football)
56%
Lenny Martinez (Cyclisme sur route)
54%
Bas Rhin
52%
Alexandre Texier (Hockey sur glace)
52%
La Denrée
49%
Diane Parry (Tennis)
46%
Cher
44%
Orne
42%
Yvelines
37%
Prithika Pavade (Tennis de Table)
36%
Savoie
32%
Aucun quiz correspondant
Distribution des résultats
% des personnes avec chaque résultat
Percentile par nombre de réponses
Votre historique - résultats
Vous n’avez pas pris ce quiz